| 000 | 00341nam a2200133Ia 4500 | ||
|---|---|---|---|
| 008 | 191201s2018 xx 000 0 und d | ||
| 082 | _a572 DAB | ||
| 100 | _aDas, Kuntal | ||
| 245 | 0 | _aBiochemistary | |
| 260 |
_bNirali Prakashan _aNew Delhi _c2018 |
||
| 300 | _a5.38 | ||
| 650 | _aApplied Biochemistry & Clinical Chemistry | ||
| 942 |
_2ddc _cBK |
||
| 999 |
_c8334 _d8334 |
||